000 00697nam a22002057a 4500
003 OSt
005 20260122045142.0
008 260122b |||||||| |||| 00| 0 eng d
020 _a9812-53-158-0
040 _aDWC-Main lib
_cOC
082 _aCirc. 571.6 K18c 2005
100 _aKarp, G.
245 _aCell and molecular biology :
_b concepts and experiments
_cKarp, Gerald
260 _aSingapore :
_bJohn Wiley & Sons Pte Ltd.,
_cc2005
300 _axxiv, 780+ pages :
_billustration ;
_c23 cm.
504 _aIncludes glossary and index.
650 _2Cytology.
650 _2Molecular biology
942 _2ddc
_cBK-CIRC
_hCirc. 571.6 K18c 2005
_kCirc.
_n0
999 _c7688
_d7688